000
00304nam a22001337a 4500
008
170731b xxu||||| |||| 00| 0 eng d
020
_a
9780471536314
041
_a
eng
080
_a
004
100
_a
004
101
_a
SHKI
245
_a
EXPLORING THE LIMITS OF BOOTSTRAP
_c
LEPAGE, R
942
_2
udc
_c
BK
999
_c
22285
_d
22285